000 01364nam a2200433 i 4500
001 3216
003 KOSZ 005
005 20200511135558.0
008 981023s1986 pl a |000 0 eng d
015 _aUWD 1987/840
020 _a8301060336
035 _a991007068889705066
035 _a(PL-WaBN)b11837317-48omnis_nlop
035 _ab11837317
035 _a(OCoLC)749557379
035 _a(PL)b0000001183731
035 _a(EXLNZ-48OMNIS_NETWORK)9910366773005606
040 _aWA N
_cWA N
_dKOSZ 005/AR
041 0 _aeng
080 _a802.0
080 _a(07)
100 1 _aSzkutnik, Leon Leszek
_d(1932- )
_eAutor
245 1 2 _aA look at English /
_cL. L. Szkutnik.
260 _aWarszawa :
_bPaństwowe Wydawnictwo Naukowe,
_c1986
300 _a127, [1] strona :
_bilustracje ;
_c20 cm.
336 _aTekst
_btxt
_2rdacontent
337 _aBez urządzenia pośredniczącego
_bn
_2rdamedia
338 _aWolumin
_bnc
_2rdacarrier
380 _aKsiążki
388 _a1901-2000
388 _a1945-1989
650 7 _aJęzyk angielski
_2DBN
655 7 _aPodręcznik
_2DBN
658 _aEdukacja i pedagogika
710 _aPaństwowe Wydawnictwo Naukowe
856 _uhttp://koha.tu.koszalin.pl/cgi-bin/koha/opac-detail.pl?biblionumber=3216
_yKatalog online BPK
942 _2UKD
_cKS
999 _c3216
_d3216